000 00906cam a2200217 4500
001 WB3617-23
008 000000n2000 000 0 eng u
035 _a(Sirsi) u105808
245 _a'Bricks and mortar' skills crucial
260 _c2000
490 _aFinancial Times
_v3 May 2000, IV(2)
520 _aSuggests that the skills of bricks and mortar retailers in product development and quality, and merchandise management systems, could give them an advantage over online shopping. Also looks at the trend for consumers to locate products on the internet and then go to the nearest shop to look at them and make the purchase.
590 _aWB
650 _aE-COMMERCE
650 _aRETAILERS
650 _aPROPERTY-COMMERCIAL PROPERTY-RETAIL PROPERTY-RETAIL PROPERTY MARKET
650 _aINTERNET SHOPPING
650 _aRETAILING
690 _aINFORMATION TECHNOLOGY-INTERNET
942 _n0
999 _c63357
_d63357